000 00903nam a22002177a 4500
999 _c63602
_d63602
005 20240530110649.0
008 171210s2015 su a g b 000 0 ara d
017 _a1436/5178
_bالسعودية . مكتبة الملك فهد الوطنية
020 _a9786038139967
040 _aEG-CaGPL
_cEG-CaGPL
082 0 4 _221
_a372.218\
_bس ت
100 0 _aسامية موسى ابراهيم
245 1 2 _aالتدريب الميدانى فى مجال رياض الاطفال :
_bالتعريف - الاهمية - المراحل /
_cسامية موسى ابراهيم ، نائلة حسن فائق .
250 _aط.1
260 _aالرياض :
_bدار الزهراء ،
_c2015 .
300 _a223 ص. ؛
_c24 سم.
650 0 7 _2qrmak
_aرياض الاطفال
700 0 _aنائلة حسن فائق
_eمؤلف مشارك
942 _2ddc
_cBK